Click the Countries by Emoji Clues - Statistics

General Stats
  • This quiz has been taken 170 times
  • The average score is 15 of 18
Answers on the Map
Answers color-coded by a green-red scale on the quiz's map according to % correct below.
 
Answer Stats
Answer % Correct
95%
93%
91%
90%
90%
89%
89%
88%
86%
85%
83%
82%
77%
73%
72%
68%
67%
49%
No matching quizzes found
Score Distribution
Percent of People with Each Score
Percentile by Number Answered
Your Score History
You have not taken this quiz